LEADER 02954oam 2200673I 450 001 9910783641703321 005 20230302131552.0 010 $a1-134-39056-4 010 $a1-134-39057-2 010 $a0-429-23105-9 010 $a0-203-35061-8 010 $a1-280-07957-6 010 $a0-203-40905-1 024 7 $a10.4324/9780203409053 035 $a(CKB)1000000000247546 035 $a(EBL)200303 035 $a(OCoLC)252936713 035 $a(SSID)ssj0000287848 035 $a(PQKBManifestationID)11236197 035 $a(PQKBTitleCode)TC0000287848 035 $a(PQKBWorkID)10371968 035 $a(PQKB)11244705 035 $a(MiAaPQ)EBC200303 035 $a(Au-PeEL)EBL200303 035 $a(CaPaEBR)ebr10093574 035 $a(CaONFJC)MIL7957 035 $a(OCoLC)1000432042 035 $a(EXLCZ)991000000000247546 100 $a20180331d2004 uy 0 101 0 $aeng 135 $aur|n|---||||| 181 $ctxt 182 $cc 183 $acr 200 10$aAccounting theory $eessays by Carl Thomas Devine /$fedited by Harvey S. Hendrickson and Paul F. Williams 210 1$aLondon ;$aNew York :$cRoutledge,$d2004. 215 $a1 online resource (145 p.) 225 1 $aRoutledge new works in accounting history ;$v3 300 $aDescription based upon print version of record. 311 $a0-415-64564-6 311 $a0-415-30988-3 320 $aIncludes bibliographical references and index. 327 $aBook Cover; Title; Contents; Editor's preface; Responsibilities, ethics, and legitimacy; Leading accountants: ethical backgrounds; Addendum: different views of natural man; Hermeneutics and communication theory; Deconstruction as methodology; Comments on academic publications; Comments on higher education: the Florida case; Rational models and subjective probability assessments; Index 330 $aOne of the outstanding accounting theoreticians of the twentieth century, Carl Thomas Devine exhibited a breadth and depth of knowledge few in the field of accounting have equalled. This book collects together eight previously unpublished essays on accounting theory written by Professor Devine.Professor Devine passed away in 1998, prior to the significant scandals that have plagued accounting and business since the collapse of Enron and Arthur Andersen. Many of the essays collected here are particularly important given these events. The first three essays are devoted to ethics and pr 410 0$aRoutledge new works in accounting history ;$v3. 606 $aAccounting 615 0$aAccounting. 676 $a657/.01 686 $a85.25$2bcl 700 $aDevine$b Carl Thomas.$0476757 701 $aHendrickson$b Harvey S$0108033 701 $aWilliams$b Paul F.$f1947-$01465962 801 0$bMiAaPQ 801 1$bMiAaPQ 801 2$bMiAaPQ 906 $aBOOK 912 $a9910783641703321 996 $aAccounting theory$93676213 997 $aUNINA LEADER 01170nas 2200409- 450 001 9910393854803321 005 20201007044249.8 011 $a2241-7958 035 $a(OCoLC)1157075926 035 $a(CKB)4100000011245677 035 $a(CONSER)--2020256864 035 $a(DE-599)ZDB3024461-4 035 $a(EXLCZ)994100000011245677 100 $a20200609a20149999 --- - 101 0 $aeng 135 $aur||||||||||| 181 $ctxt$2rdacontent 182 $cc$2rdamedia 183 $acr$2rdacarrier 200 00$aAthens journal of education 210 1$aAthens :$cAthens Institute for Education and Research,$d2014- 215 $a1 online resource 300 $aRefereed/Peer-reviewed 311 08$a2407-9898 517 1 $aAJE 531 1 $aathens j. educ. 606 $aEducation$vPeriodicals 606 $aEducation$2fast$3(OCoLC)fst00902499 608 $aPeriodicals.$2fast 608 $aPeriodicals.$2lcgft 615 0$aEducation 615 7$aEducation. 712 02$aAthens Institute for Education and Research, 906 $aJOURNAL 912 $a9910393854803321 996 $aAthens Journal of Education$92230118 997 $aUNINA